Central Library OPAC University of Rajshahi

The oriental tale in England in the eighteenth century / (Record no. 63323)

MARC details
000 -LEADER
fixed length control field 00918nam a2200265 a 4500
001 - CONTROL NUMBER
control field 63323
003 - CONTROL NUMBER IDENTIFIER
rucl marc code BD-RjUL
005 - DATE AND TIME OF LATEST TRANSACTION
control field 20211209081200.0
008 - FIXED-LENGTH DATA ELEMENTS--GENERAL INFORMATION
fixed length control field 170129t19661908nyu b 000 0 eng d
035 ## - SYSTEM CONTROL NUMBER
System control number (BD-RjUL)63452
040 ## - CATALOGING SOURCE
Original cataloging agency DLC
Transcribing agency DLC
Modifying agency DLC
-- BD-RjUL
Language of cataloging eng
041 ## - LANGUAGE CODE
Language code of text/sound track or separate title eng
082 00 - DEWEY DECIMAL CLASSIFICATION NUMBER
Classification number 823.5
Edition number 23
Author mark and year COO 1966
100 1# - MAIN ENTRY--PERSONAL NAME
Personal name Conant, Martha Pike.
9 (RLIN) 188443
245 14 - TITLE STATEMENT
Title The oriental tale in England in the eighteenth century /
Statement of responsibility, etc. Martha Pike Conant
260 ## - PUBLICATION, DISTRIBUTION, ETC. (IMPRINT)
Place of publication, distribution, etc. New York :
Name of publisher, distributor, etc. Octagon Books,
Date of publication, distribution, etc. 1966 [c1908]
300 ## - PHYSICAL DESCRIPTION
Pagination xxvi, 312 p. ;
Size 19 cm.
504 ## - BIBLIOGRAPHY, ETC. NOTE
Bibliography, etc Bibliographies: p. 267-306.
650 #0 - SUBJECT ADDED ENTRY--TOPICAL TERM
Topical term or geographic name as entry element English fiction
Chronological subdivision 18th century
General subdivision History and criticism.
9 (RLIN) 185001
Topical term or geographic name as entry element English fiction
General subdivision Oriental influences.
9 (RLIN) 188445
651 #0 - SUBJECT ADDED ENTRY--GEOGRAPHIC NAME
Geographic name Orient
General subdivision In literature.
9 (RLIN) 188446
942 ## - ADDED ENTRY ELEMENTS (KOHA)
Source of classification or shelving scheme Dewey Decimal Classification
Koha item type Books
Holdings
Lost status Source of classification or shelving scheme Damaged status Not for loan Collection code Permanent Location Current Location Shelving location Date acquired Source of acquisition Cost, normal purchase price Total Checkouts Full call number Date last seen Copy number Koha item type
  Dewey Decimal Classification   Not For Loan Fiction Central Library, University of Rajshahi Central Library, University of Rajshahi Reading Room 19/12/1975 johanthan wren and co. 4.50   823.5 COO 1966 29/01/2017 C-1 Books